Denver sport teams by picture - Statistics

General Stats
  • This quiz has been taken 25 times
  • The average score is 4 of 5
Answer Stats
Picture Answer % Correct
Denver nuggets
100%
Colorado avalanche
96%
Denver broncos
96%
Colorado Rockies
91%
Colorado rapids
9%
No matching quizzes found
Score Distribution
Percent of People with Each Score
Percentile by Number Answered
Your Score History
You have not taken this quiz